Britain's biggest housebuilders supplement (Record no. 79566)
[ view plain ]
| 000 -LEADER | |
|---|---|
| fixed length control field | 00886cab a22002175a 4500 |
| 001 - CONTROL NUMBER | |
| control field | L141668 |
| 008 - FIXED-LENGTH DATA ELEMENTS--GENERAL INFORMATION | |
| fixed length control field | 071211s2007 f 000 0 eng u |
| 035 ## - SYSTEM CONTROL NUMBER | |
| System control number | (Sirsi) u141668 |
| 041 0# - LANGUAGE CODE | |
| Language code of text/sound track or separate title | eng |
| 100 1# - MAIN ENTRY--PERSONAL NAME | |
| Personal name | Heller, Allison |
| 245 00 - TITLE STATEMENT | |
| Title | Britain's biggest housebuilders supplement |
| 260 ## - PUBLICATION, DISTRIBUTION, ETC. | |
| Date of publication, distribution, etc. | 2007 |
| 490 #0 - SERIES STATEMENT | |
| Series statement | HouseBuilder |
| Volume/sequential designation | 66(9) Supplement October 2007, (30) (LOAN) |
| 520 ## - SUMMARY, ETC. | |
| Summary, etc. | Contains the 2007 25 biggest housebuilders' league table including turnover, landbank and average selling price data and contact details. Also includes articles on the changing market conditions in the housing market, and some company and individual profiles. Lists the top ten housebuilders. |
| 590 ## - LOCAL NOTE (RLIN) | |
| Local note | KA |
| 651 #4 - SUBJECT ADDED ENTRY--GEOGRAPHIC NAME | |
| Geographic name | Great Britain |
| Chronological subdivision | 1707- |
| 690 ## - LOCAL SUBJECT ADDED ENTRY--TOPICAL TERM (OCLC, RLIN) | |
| Topical term or geographic name as entry element | PROPERTY-RESIDENTIAL PROPERTY-RESIDENTIAL PROPERTY DEVELOPMENT |
| 700 1# - ADDED ENTRY--PERSONAL NAME | |
| Personal name | Green, Brian |
| 700 1# - ADDED ENTRY--PERSONAL NAME | |
| Personal name | Menary, Steve |
| 942 ## - ADDED ENTRY ELEMENTS (KOHA) | |
| Suppress in OPAC | 0 |
| Withdrawn status | Lost status | Source of classification or shelving scheme | Damaged status | Not for loan | Home library | Current library | Shelving location | Date acquired | Total Checkouts | Full call number | Barcode | Date last seen | Date last checked out | Copy number | Price effective from | Koha item type |
|---|---|---|---|---|---|---|---|---|---|---|---|---|---|---|---|---|
| Dewey Decimal Classification | London | London | Journal article | 11/12/2007 | 1 | L141668 | 30071077 | 06/08/2019 | 29/01/2009 | 1 | 06/08/2019 | Journal article |